000 00317pab a2200145 454500
008 180718b2004 xxu||||| |||| 00| 0 eng d
100 _aBhuyan, Anjan
245 _aRural tourism: a new promise
260 _c2004
300 _ap.42-46.
362 _aSep
650 _aTourism
773 _aYojana
909 _a62195
999 _c62195
_d62195